Merchant of Venice (Complete Study Edition)
Uloženo v:
| Hlavní autor: | |
|---|---|
| Médium: | Kniha |
| Jazyk: | Undetermined |
| Vydáno: |
Nebraska, Estados Unidos
Cliff´s Notes
1967
|
| Témata: | |
| Tagy: |
Přidat tag
Žádné tagy, Buďte první, kdo vytvoří štítek k tomuto záznamu!
|
MARC
| LEADER | 00000nam a2200000Ia 4500 | ||
|---|---|---|---|
| 008 | 170316s9999 xx 000 0 und d | ||
| 040 | |a cru BVZT | ||
| 090 | |a 820 S-5mr | ||
| 100 | |a Shakespeare, William | ||
| 245 | |a Merchant of Venice (Complete Study Edition) | ||
| 260 | |a Nebraska, Estados Unidos | ||
| 260 | |b Cliff´s Notes | ||
| 260 | |c 1967 | ||
| 300 | |a 70 páginas | ||
| 650 | |a LITERATURA INGLESA | ||
| 650 | |a EN IDIOMA INGLÉS | ||
| 650 | |a TEATRO | ||
| 650 | |a WILLIAM SHAKESPEARE | ||
| 999 | |c 7156 |d 7156 | ||
| 942 | |c 15 D |h 820 S-5mr |2 z | ||
